National innovation systems <a> comparative analysis

Gespeichert in:
Bibliographische Detailangaben
Weitere Verfasser: Nelson, Richard R.
Format: Buch
Sprache:Englisch
Veröffentlicht: New York Oxford University Press 1993
Schlagworte:
Tags: Tag hinzufügen
Keine Tags, Fügen Sie das erste Tag hinzu!

MARC

LEADER 00000nam a2200000 4500
001 0168556
005 20221207103833.0
020 |a 0-19-507616-8 
020 |a 0-19-507617-6 
041 0 |a eng 
044 |a US 
245 1 0 |a National innovation systems  |b <a> comparative analysis  |c edited by Richard R. Nelson 
264 1 |a New York  |b Oxford University Press  |c 1993 
300 |a x, 541 s. 
610 2 0 |a inovácia 
610 2 0 |a technológie nové 
610 2 0 |a rozvoj technický 
610 2 0 |a rozvoj vedeckotechnický 
700 1 |a Nelson, Richard R.